Every NFC East Wide Receiver with 100+ Receiving Yards since 2020 - Statistics

General Stats
  • This quiz has been taken 12 times
  • The average score is 11 of 53
Answer Stats
Yards Answer % Correct
5,612 CeeDee Lamb
100%
3,276 A.J. Brown
73%
3,479 DeVonta Smith
64%
1,077 Noah Brown
64%
748 Brandin Cooks
55%
604 Dyami Brown
55%
4,364 Terry McLaurin
55%
105 Collin Johnson
45%
1,979 Amari Cooper
36%
2,896 Darius Slayton
36%
379 Jalin Hyatt
36%
427 Malik Nabers
36%
2,130 Michael Gallup
36%
683 Curtis Samuel
27%
236 DeSean Jackson
27%
1,076 Jahan Dotson
27%
265 KaVontae Turpin
27%
602 Kenny Golladay
27%
1,233 Sterling Shepard
27%
1,055 Wan'Dale Robinson
27%
791 Cedrick Wilson Jr.
18%
586 Isaiah Hodgins
18%
695 Jalen Reagor
18%
570 Jalen Tolbert
18%
103 Luke McCaffrey
18%
569 Richie James Jr.
18%
115 Alshon Jeffery
9%
777 Cam Sims
9%
163 Dante Pettis
9%
123 David Sills
9%
388 Golden Tate
9%
514 Greg Ward
9%
197 Isaiah Wright
9%
141 Jalen Brooks
9%
420 Kadarius Toney
9%
340 Olamide Zaccheus
9%
134 Parris Campbell
9%
1,149 Quez Watkins
9%
265 Steven Sims
9%
539 Travis Fulgham
9%
383 Adam Humphries
0%
161 Byron Pringle
0%
152 C.J. Board
0%
120 Dax Milne
0%
296 DeAndre Carter
0%
163 Dontrelle Inman
0%
164 Jamison Crowder
0%
121 JJ Arcega-Whiteside
0%
167 John Hightower
0%
230 John Ross
0%
149 Malik Turner
0%
121 T.Y. Hilton
0%
150 Zach Pascal
0%
No matching quizzes found
Score Distribution
Percent of People with Each Score
Percentile by Number Answered
Your Score History
You have not taken this quiz